000 00224nam a2200097Ia 4500
008 190216s9999||||xx |||||||||||||| ||und||
100 _aDr.Paili Mv
245 0 _aIndian Bharagadana
260 _bKerala Basha Inst
942 _cBK
999 _c34798
_d34798